000 00499nam a2200205Ia 4500
008 170918s9999 xx 000 0 und d
020 _a9780590446877
050 _bC689 1995
100 _aCole, Joanna
245 _aInside the hurricane /
245 _cJoanna Cole & Bruce Degen.
260 _aNew York :
260 _bScholastic,
260 _c1995
300 _a48 pages :
300 _bcolored illustration ;
300 _c21cm.
440 _aThe magic school bus.
500 _a500
999 _c341651
_d341651